Thực trạng phát triển con người Việt Nam về sức khoẻ và chăm sóc sức khoẻ /
Uloženo v:
| Hlavní autor: | |
|---|---|
| Médium: | Článek |
| Jazyk: | Vietnamese |
| Témata: | |
| Tagy: |
Přidat tag
Žádné tagy, Buďte první, kdo otaguje tento záznam!
|
| Thư viện lưu trữ: | Thư viện Trường Đại học Đà Lạt |
|---|
| LEADER | 00836nam a2200265 4500 | ||
|---|---|---|---|
| 001 | DLU090072047 | ||
| 005 | ##20090508 | ||
| 040 | # | # | |a DLU |b vie |
| 041 | # | # | |a vie |
| 044 | # | # | |a vn |
| 100 | # | # | |a Dương Bạch Kim, |c TS. |
| 245 | # | # | |a Thực trạng phát triển con người Việt Nam về sức khoẻ và chăm sóc sức khoẻ / |c Dương Bạch Kim. |
| 653 | # | # | |a Chăm sóc sức khoẻ |
| 653 | # | # | |a Phát triển con người |
| 653 | # | # | |a Sức khoẻ cộng đồng |
| 773 | # | # | |t Nghiên cứu Con người |g Số 1(22), 2006, tr. 22-30 |
| 920 | # | # | |a Phòng Tạp chí -- Trung tâm Thông tin - Thư viện Trường Đại học Đà Lạt |
| 994 | # | # | |a DLU |
| 900 | # | # | |a True |
| 911 | # | # | |a Đào Thị Thu Huyền |
| 925 | # | # | |a G |
| 926 | # | # | |a A |
| 927 | # | # | |a BB |
| 980 | # | # | |a Thư viện Trường Đại học Đà Lạt |